000
00294nam a2200133Ia 4500
008
260604s9999 xx 000 0 und d
020
_a
9783791374178
082
_a
808.3 KOL
100
_a
Prestel Verlog
_9
35271
245
0
_a
The Book of Time
260
_b
SHREE
500
_a
CHL
942
_c
BK
999
_c
8035
_d
8035